Chlorine - Twenty One Pilots - Lyrics - Statistics

General Stats
  • This quiz has been taken 637 times
  • The average score is 192 of 249
Answer Stats
answer % Correct
chlorine
100%
on
99%
sippin'
99%
a
98%
i
98%
me
98%
the
98%
is
97%
straight
97%
be
96%
over
96%
sippin'
96%
chemical
95%
my
95%
beat
93%
let
93%
this
92%
I'm
90%
i'm
90%
when
89%
for
88%
back
86%
don't
86%
I'll
86%
to
86%
all
85%
complete
85%
it's
85%
leave
85%
life
85%
medical
85%
moment
85%
run
85%
sea
85%
you
85%
runnin'
83%
seat
82%
slide
82%
save
81%
vibes
81%
in
80%
what
78%
lovin'
77%
tastin'
77%
tongue
77%
rebel
76%
read
74%
body
73%
red
72%
so
72%
where
72%
vibration
71%
pocket
69%
of
68%
venom
68%
times
67%
at
65%
coat
64%
can
63%
poisonous
63%
terrible
63%
kept
62%
live
62%
from
61%
like
61%
different
60%
love
60%
was
59%
lead
58%
out
58%
fall
57%
around
56%
sometimes
56%
they
56%
head
55%
help
55%
lives
55%
wrapped
55%
despise
54%
formation
54%
hate
54%
just
54%
as
53%
carnation
53%
but
52%
escape
52%
now
52%
papermaker
52%
by
51%
felt
51%
fight
51%
walls
51%
plan
50%
sorry
50%
double
49%
forgot
49%
pieces
49%
with
49%
flavour
47%
invincible
47%
while
46%
build
45%
and
44%
catch
44%
had
44%
house
44%
decay
43%
i've
43%
lines
43%
been
42%
said
42%
up
42%
grows
41%
last
41%
two
40%
incorrect
39%
speed
39%
until
39%
may
38%
dependant
35%
confined
34%
tested
32%
flag
31%
ends
28%
that's
28%
weathered
27%
nobody
7%
No matching quizzes found
Score Distribution
Percent of People with Each Score
Percentile by Number Answered
Your Score History
You have not taken this quiz